Mata - pita ke prashn (Record no. 1385768)

MARC details
000 -LEADER
fixed length control field 00623nam a2200229Ia 4500
005 - DATE AND TIME OF LATEST TRANSACTION
control field 20250508163900.0
008 - FIXED-LENGTH DATA ELEMENTS--GENERAL INFORMATION
fixed length control field 008 250505s9999 xx 000 0 eng d
037 ## - SOURCE OF ACQUISITION
Stock number TextBook
040 ## - CATALOGING SOURCE
Original cataloging agency FEDL
Language of cataloging eng
Transcribing agency FEDL
041 ## - LANGUAGE CODE
Language code of text/sound track or separate title eng
Source of code eng
084 ## - COLON CLASSIFICATION NUMBER
Classification number 370, GIJ
Assigning agency FEDL
100 ## - MAIN ENTRY--PERSONAL NAME
Personal name Badheka Gijubhai
9 (RLIN) 776656
245 #0 - TITLE STATEMENT
Title Mata - pita ke prashn
260 ## - PUBLICATION, DISTRIBUTION, ETC.
Place of publication, distribution, etc. Delhi, India
Name of publisher, distributor, etc. Sanskriti Sahitya
Date of publication, distribution, etc. 2000
300 ## - PHYSICAL DESCRIPTION
Extent 79p
365 ## - TRADE PRICE
Price type code INR
Price amount 100
490 ## - SERIES STATEMENT
Series statement Shiksha ke Vividh Aayam 13
650 ## - SUBJECT ADDED ENTRY--TOPICAL TERM
Topical term or geographic name entry element Educaation
9 (RLIN) 776657
700 ## - ADDED ENTRY--PERSONAL NAME
Personal name Ramesh Dev Tr.
9 (RLIN) 776658
942 ## - ADDED ENTRY ELEMENTS (KOHA)
Koha item type Textbook
Classification part 370, GIJ
Holdings
Withdrawn status Lost status Damaged status Not for loan Home library Current library Date acquired Cost, normal purchase price Total Checkouts Full call number Barcode Date last seen Price effective from Koha item type
        Department of Education Library Department of Education Library 2025-05-08 100.00   370, GIJ EL0079343 2025-05-08 2025-05-08 Textbook
Copyright @ Delhi University Library System